000 00707nam a2200193Ii 4500
003 JO-AjNU
008 230605s9999||||xx |||||||||||||| ||und||
040 _aJO-AjNU
_bara
_erda
_cJO-AjNU
041 _aara
050 1 4 _aZ49.A3.T3428 1984
100 3 _aتاليف لجنة من الاساتذة الاختصاصين ,
_eauthor
_936293
245 0 0 _aالضرب على الالة الكاتبة بطريقة اللمس بدون المعلم
264 3 1 _aبيروت:دار العلم ،1984
300 _a126ص
336 _atext
_btxt
_2rdacontent
337 _aunmediated
_bn
_2rdamedia
338 _avolume
_bnc
_2rdacarrier
650 4 _aالتعلم الاله الكاتبة-بدون معلم
_936294
999 _aA15065
_c18633
_d18633